| 000 | 00000nas 2200000zi 4500 |
| 001 | 9.504307 |
| 003 | CaOODSP |
| 005 | 20250620080941 |
| 006 | m go d f |
| 007 | cr ||||||||||| |
| 008 | 150406c20119999qucar p oss f0 b0fre|d |
| 040 | |aCaOODSP|bfre|erda|cCaOODSP |
| 043 | |an-cn--- |
| 086 | 1 |aBC9-18F-PDF |
| 245 | 00|aTélévision traditionnelle : |brelevés statistiques et financiers. |
| 264 | 1|a[Gatineau, (Québec)] : |bConseil de la radiodiffusion et des télécommunications canadiennes = Canadian Radio-television and Telecommunications Commission, |c[2012]- |
| 310 | |aAnnuel |
| 336 | |atexte|btxt|2rdacontent/fre |
| 337 | |ainformatique|bc|2rdamedia/fre |
| 338 | |aressource en ligne|bcr|2rdacarrier/fre |
| 362 | 1 |aParaît depuis 2007/2011. |
| 500 | |aPublié aussi en anglais sous le titre : Conventional television, statistical and financial summaries. |
| 550 | |aLe livraison de 2007/2011 publié par Industrie et analyse du marché, Groupe de l'élaboration de politiques et recherche; 2008/2012- par Consommation et politique stratégique. |
| 692 | 07|2gccst|aTélévision |
| 710 | 1 |aCanada.|bConseil de la radiodiffusion et des télécommunications canadiennes.|bÉlaboration de politiques et recherche. |
| 710 | 1 |aCanada.|bConseil de la radiodiffusion et des télécommunications canadiennes.|bConsommation et politique stratégique. |
| 775 | 08|tConventional television |w(CaOODSP)9.507929 |
| 780 | 00|tTélévision conventionnelle : |w(CaOODSP)9.877504 |